Fun eygenem feldz / (Record no. 31057)

MARC details
000 -LEADER
fixed length control field 00594cam a22002171i 4500
001 - CONTROL NUMBER
control field he 65000564
003 - CONTROL NUMBER IDENTIFIER
control field DLC
005 - DATE AND TIME OF LATEST TRANSACTION
control field 20260227111430.0
008 - FIXED-LENGTH DATA ELEMENTS--GENERAL INFORMATION
fixed length control field 860825s1964 is ch 000 0 yid
010 ## - LIBRARY OF CONGRESS CONTROL NUMBER
LC control number he 65000564
035 ## - SYSTEM CONTROL NUMBER
System control number (OCoLC)19309294
040 ## - CATALOGING SOURCE
Original cataloging agency DLC
Transcribing agency MH
Modifying agency CU
-- DLC
042 ## - AUTHENTICATION CODE
Authentication code premarc
050 00 - LIBRARY OF CONGRESS CALL NUMBER
Classification number PJ5129.O524
Item number F8
100 1# - MAIN ENTRY--PERSONAL NAME
Personal name Olitsky, L.
245 10 - TITLE STATEMENT
Title Fun eygenem feldz /
Statement of responsibility, etc. L. Olitsḳi.
260 ## - PUBLICATION, DISTRIBUTION, ETC.
Place of publication, distribution, etc. Tel-Aviv,
Name of publisher, distributor, etc. L. Olitsḳi-ḳomiṭeṭ in Yiśroel,
Date of publication, distribution, etc. 765 [1964]
300 ## - PHYSICAL DESCRIPTION
Extent 319 p. :
Other physical details facsim., port. ;
Dimensions 25 cm.
500 ## - GENERAL NOTE
General note Poetry.
752 ## - ADDED ENTRY--HIERARCHICAL PLACE NAME
Country or larger entity Israel
City Tel Aviv

No items available.

Powered by Koha